[Event "TCh-FRA Top 16"]
[Site "Montpellier FRA"]
[Date "2007.04.28"]
[EventDate "2007.04.28"]
[Round "4"]
[Result "1/2-1/2"]
[White "Marie Sebag"]
[Black "Dimitri Komarov"]
[WhiteElo "2479"]
[BlackElo "2539"]
[PlyCount "74"]

1.e4 c5 2.Nf3 Nc6 3.Bb5 e6 4.O-O Nge7 5.c3 d5 6.exd5 Qxd5 7.d4
cxd4 8.Nxd4 Bd7 9.Be3 Nxd4 10.Bxd7+ Qxd7 11.cxd4 g6 12.Nc3 Bg7
13.d5 Bxc3 14.bxc3 Qxd5 15.Qa4+ Qc6 16.Qa3 f6 17.Rfd1 Nf5
18.Rd3 Kf7 19.Rad1 Rhe8 20.Bc1 Re7 21. Qb4 a5 22.Qb3 b5 23.Ba3
Rb7 24.g3 Rc8 25.R1d2 Ne7 26.Bxe7 Rxe7 27.Qd1 Rcc7 28.h4 Kg7
29.Kh2 e5 30.Qb3 Rcd7 31.Rxd7 Rxd7 32.Rxd7+ Qxd7 33.c4 bxc4
34. Qxc4 Qe7 35.Qc2 Qa7 36.a4 Qb6 37.Kg2 Qb7+ 1/2-1/2

[Event "TCh-FRA Top 16"]
[Site "Montpellier FRA"]
[Date "2007.04.29"]
[EventDate "2007.04.28"]
[Round "5"]
[Result "1/2-1/2"]
[White "Joel Lautier"]
[Black "Marie Sebag"]
[WhiteElo "2661"]
[BlackElo "2479"]
[PlyCount "57"]

1.c4 e5 2.Nc3 Nf6 3.Nf3 Nc6 4.g3 Nd4 5.Bg2 Nxf3+ 6.Bxf3 Bb4
7.Qb3 Bc5 8.d3 c6 9.O-O O-O 10.Bg2 h6 11.e3 Bb6 12.Na4 Bc7
13.e4 a6 14.c5 d6 15.cxd6 Bxd6 16.Be3 Rb8 17.h3 Be6 18.Qc3 Nd7
19.d4 b5 20.Nc5 exd4 21.Bxd4 Nxc5 22.Bxc5 b4 23.Qd4 Bxc5
24.Qxc5 Qc8 25.g4 Rb5 26.Qe3 c5 27.f4 c4 28.f5 Bd7 29.Rac1
1/2-1/2

[Event "TCh-FRA Top 16"]
[Site "Montpellier FRA"]
[Date "2007.04.30"]
[EventDate "2007.04.28"]
[Round "6"]
[Result "1-0"]
[White "Yannick Pelletier"]
[Black "Marie Sebag"]
[WhiteElo "2602"]
[BlackElo "2479"]
[PlyCount "67"]

1.d4 d5 2.c4 c6 3.Nf3 Nf6 4.Nc3 dxc4 5.a4 Bf5 6.e3 e6 7.Bxc4
Bb4 8.O-O Nbd7 9.Qe2 O-O 10.e4 Bg6 11.Bd3 Bh5 12.e5 Nd5
13.Nxd5 cxd5 14.Qe3 h6 15. Ne1 f5 16.Bd2 Bxd2 17.Qxd2 Qb6
18.Nc2 Rac8 19.Rfb1 Nb8 20.a5 Qc7 21.Rc1 Qd7 22.b4 a6 23.Bf1
Rc7 24.Ne1 Rfc8 25.Nd3 Nc6 26.Nc5 Qe7 27.Nxb7 Nxd4 28. Rxc7
Rxc7 29.Nc5 Rxc5 30.Qxd4 Rc6 31.b5 axb5 32.a6 Rc8 33.Qb6 Qf8
34.a7 1-0

[Event "5th Rapid"]
[Site "Brussels BEL"]
[Date "2007.05.06"]
[EventDate "2007.05.05"]
[Round "11"]
[Result "1-0"]
[White "Richard Polaczek"]
[Black "Marie Sebag"]
[WhiteElo "2423"]
[BlackElo "2479"]
[PlyCount "57"]

1.d4 d5 2.c4 c6 3.Nf3 Nf6 4.Qc2 dxc4 5.Qxc4 Bg4 6.Nc3 Nbd7
7.e4 Bxf3 8. gxf3 e5 9.Be3 Bd6 10.O-O-O Qe7 11.Qb3 exd4
12.Bxd4 Nc5 13.Qc2 Ncd7 14.Kb1 Bc5 15.Bxc5 Nxc5 16.Bh3 Qe5
17.Rhg1 O-O 18.Ne2 Ne6 19.Ng3 Rfd8 20.Nf5 Nh5 21.Nh6+ Kf8
22.Bxe6 fxe6 23.Ng4 Qb5 24.e5 g6 25.Qc1 Kg8 26.Qg5 Rxd1+
27. Rxd1 Rf8 28.Qe7 Qe2 29.Nh6+ 1-0

[Event "Hogeschool Zeeland Tournament"]
[Site "Vlissingen NED"]
[Date "2007.08.05"]
[EventDate "2007.08.04"]
[Round "3"]
[Result "1-0"]
[White "Marie Sebag"]
[Black "Remco Sprangers"]
[WhiteElo "2491"]
[BlackElo "2127"]
[PlyCount "61"]

1. e4 c5 2. c3 Nf6 3. e5 Nd5 4. d4 cxd4 5. Nf3 e6 6. cxd4 d6
7. Bc4 Be7 8. O-O O-O 9. Qe2 Nc6 10. Nc3 Nxc3 11. bxc3 Bd7
12. Bd3 dxe5 13. dxe5 Qa5 14. Qe4 g6 15. Bh6 Rfd8 16. Rfc1 Be8
17. Be2 Rac8 18. h4 Rc7 19. h5 Qd5 20. Qf4 Qc5 21. Rab1 Bf8
22. Bxf8 Qxf8 23. Rd1 Rcd7 24. Rxd7 Rxd7 25. Ng5 Qh6 26. Qg3
Qg7 27. Ne4 Nxe5 28. h6 Qh8 29. Qg5 Kf8 30. Nf6 Rd6 31. Qxe5
1-0

[Event "Hogeschool Zeeland Tournament"]
[Site "Vlissingen NED"]
[Date "2007.08.06"]
[EventDate "2007.08.04"]
[Round "4"]
[Result "1-0"]
[White "Marie Sebag"]
[Black "Rustam Kasimdzhanov"]
[WhiteElo "2491"]
[BlackElo "2706"]
[PlyCount "107"]

1. e4 e5 2. Nf3 Nc6 3. Bb5 a6 4. Ba4 Nf6 5. O-O Be7 6. Re1 b5
7. Bb3 d6 8. c3 O-O 9. h3 Re8 10. Ng5 Rf8 11. Nf3 h6 12. d4
Re8 13. Nbd2 Bf8 14. Nf1 Bd7 15. Ng3 Na5 16. Bc2 c5 17. d5 Nc4
18. a4 Nb6 19. a5 Nc4 20. b4 Rc8 21. Nd2 cxb4 22. cxb4 Nh7
23. Bd3 Be7 24. Nxc4 bxc4 25. Bf1 Qc7 26. Ra3 Qb8 27. Qd2 Bg5
28. Qb2 Rc7 29. Bxg5 Nxg5 30. Rc3 Rec8 31. Rec1 Rb7 32. Rxc4
Rxc4 33. Bxc4 Rxb4 34. Qc3 Ra4 35. Bxa6 Qa7 36. Qc7 Qxc7
37. Rxc7 Bxh3 38. Bf1 Rxa5 39. gxh3 Nf3+ 40. Kg2 Nh4+ 41. Kh1
Ra1 42. Rc6 g6 43. Rxd6 Kf8 44. Rc6 Ke7 45. Rc7+ Kf6 46. f3
Nxf3 47. Kg2 Nd4 48. Bc4 Rd1 49. Nf1 Re1 50. Nd2 Re3 51. d6
Ne6 52. Bxe6 Kxe6 53. Nc4 Rxe4 54. d7 1-0

[Event "Hogeschool Zeeland Tournament"]
[Site "Vlissingen NED"]
[Date "2007.08.07"]
[EventDate "2007.08.04"]
[Round "5"]
[Result "1-0"]
[White "Daniel Stellwagen"]
[Black "Marie Sebag"]
[WhiteElo "2631"]
[BlackElo "2491"]
[PlyCount "97"]

1. e4 e5 2. Nf3 Nc6 3. Bb5 a6 4. Ba4 Nf6 5. O-O Be7 6. Re1 b5
7. Bb3 O-O 8. c3 d5 9. exd5 Nxd5 10. Nxe5 Nxe5 11. Rxe5 c6
12. d3 Bd6 13. Re1 Qh4 14. g3 Qh3 15. Re4 Qf5 16. Nd2 Qg6
17. Re1 f5 18. f4 Bxf4 19. Qf3 Bb8 20. Bxd5+ cxd5 21. Nb3 f4
22. Qxd5+ Kh8 23. Bxf4 Ba7+ 24. d4 Bh3 25. Nd2 Rad8 26. Qe4
Bf5 27. Qe7 Bb6 28. Nf3 Bh3 29. Qh4 Bc8 30. Re7 Rde8 31. Ne5
Qf5 32. g4 Qf6 33. Bg5 Qxe5 34. Rxe5 Rxe5 35. Rf1 Rxf1+
36. Kxf1 Re8 37. Qg3 h6 38. Bf4 Be6 39. Be5 Bxa2 40. g5 Bc4+
41. Kg2 Kh7 42. Qf3 Re6 43. h4 Kg8 44. Qa8+ Kh7 45. Qb7 Rg6
46. Qe4 h5 47. Qf3 Kg8 48. Qxh5 Bf7 49. Qg4 1-0

[Event "Hogeschool Zeeland Tournament"]
[Site "Vlissingen NED"]
[Date "2007.08.09"]
[EventDate "2007.08.04"]
[Round "7"]
[Result "1-0"]
[White "Marie Sebag"]
[Black "Michal Krasenkow"]
[WhiteElo "2491"]
[BlackElo "2676"]
[PlyCount "59"]

1. e4 c5 2. c3 Nf6 3. e5 Nd5 4. d4 cxd4 5. Nf3 e6 6. cxd4 b6
7. Bd3 Ba6 8. O-O Qc8 9. a3 h6 10. Bxa6 Nxa6 11. Nfd2 Be7
12. Ne4 O-O 13. Nbc3 Nac7 14. Bd2 Qb7 15. Rc1 Nxc3 16. Nxc3
Rac8 17. Re1 f5 18. exf6 Bxf6 19. Qg4 Kh8 20. Re3 Nd5 21. Rh3
Nxc3 22. bxc3 Kh7 23. Rg3 g5 24. h4 Rg8 25. Qh5 Rg6 26. hxg5
Qd5 27. c4 Qxd4 28. gxf6 Rxg3 29. Qxh6+ Kg8 30. Be3 1-0

[Event "Hogeschool Zeeland Tournament"]
[Site "Vlissingen NED"]
[Date "2007.08.10"]
[EventDate "2007.08.04"]
[Round "8"]
[Result "1/2-1/2"]
[White "Marie Sebag"]
[Black "Sergei Tiviakov"]
[WhiteElo "2491"]
[BlackElo "2699"]
[PlyCount "72"]

1. e4 c5 2. c3 d5 3. exd5 Qxd5 4. d4 Nf6 5. Nf3 e6 6. Be2 Be7
7. O-O cxd4 8. cxd4 Nc6 9. Nc3 Qd6 10. Nb5 Qd8 11. Bf4 Nd5
12. Bg3 a6 13. Nc3 Nf6 14. Rc1 O-O 15. a3 Re8 16. Re1 Nh5
17. Be5 Bf8 18. Bf1 Nxe5 19. Nxe5 Nf6 20. g3 Nd7 21. Bg2 Rb8
22. Ne4 h6 23. Rc2 Nb6 24. Nc3 Bd6 25. Rce2 Bd7 26. Qb3 Qc7
27. Nxd7 Nxd7 28. Rc2 Qa5 29. Rec1 Nf6 30. Na4 b5 31. Nc5 Qb6
32. Qe3 e5 33. d5 e4 34. Nxa6 Nxd5 35. Qxb6 Rxb6 36. Rc8 Nf6
1/2-1/2

[Event "Hogeschool Zeeland Tournament"]
[Site "Vlissingen NED"]
[Date "2007.08.11"]
[EventDate "2007.08.04"]
[Round "9"]
[Result "1-0"]
[White "Ralf Appel"]
[Black "Marie Sebag"]
[WhiteElo "2512"]
[BlackElo "2491"]
[PlyCount "125"]

1. d4 d5 2. Nf3 Nf6 3. Bf4 e6 4. e3 c5 5. c3 Nc6 6. Nbd2 Bd6
7. Bg3 O-O 8. Bd3 Qe7 9. O-O Bxg3 10. hxg3 e5 11. dxe5 Nxe5
12. Nxe5 Qxe5 13. Re1 Rd8 14. Qa4 c4 15. Be2 Bf5 16. Rad1 Qc7
17. b3 cxb3 18. Qxb3 Be6 19. Qa3 Rd6 20. Rb1 Rc6 21. Rec1 b6
22. Qb4 Rd8 23. Bb5 Rc5 24. a4 Ne4 25. Nxe4 dxe4 26. Rd1 g6
27. Qxe4 Rxc3 28. Qf3 Qe7 29. Qf4 Rc2 30. Qe5 Ra2 31. Bc4 Rad2
32. Rxd2 Rxd2 33. Bxe6 Qxe6 34. Qxe6 fxe6 35. a5 bxa5 36. Rb8+
Kg7 37. Rb7+ Kg8 38. Rxa7 Ra2 39. Re7 Ra1+ 40. Kh2 a4 41. Rxe6
Rf1 42. f3 a3 43. Ra6 Ra1 44. g4 g5 45. Kg3 a2 46. Kf2 Kg7
47. f4 gxf4 48. exf4 h6 49. f5 Kh7 50. Kg3 Kg7 51. g5 Rf1
52. gxh6+ Kh7 53. Rxa2 Rxf5 54. Ra6 Rg5+ 55. Kh3 Rh5+ 56. Kg4
Rb5 57. Kh4 Rc5 58. g4 Rd5 59. g5 Rd1 60. Ra7+ Kg6 61. Rg7+
Kf5 62. h7 Rd4+ 63. Kh5 1-0

[Event "TCh-BEL -8"]
[Site "Belgium BEL"]
[Date "2007.09.30"]
[EventDate "2007.09.30"]
[Round "1"]
[Result "1/2-1/2"]
[White "Marie Sebag"]
[Black "Levente Vajda"]
[WhiteElo "2509"]
[BlackElo "2564"]
[PlyCount "94"]

1.e4 e5 2.Nf3 Nc6 3.Bb5 a6 4.Ba4 Nf6 5.O-O Be7 6.Re1 b5 7.Bb3
O-O 8.a4 b4 9.d3 d6 10.a5 Be6 11.Nbd2 Rb8 12.Nc4 Qc8 13.Bg5 h6
14.Bh4 Bd8 15.d4 Bg4 16.dxe5 dxe5 17.Ba4 Bxf3 18.Qxf3 Qe6
19.Bxc6 Qxc4 20.Ba4 Be7 21.Bb3 Qb5 22.Qe2 Qxe2 23.Rxe2 Bc5
24.Bc4 Bd4 25.Bxf6 gxf6 26.Ra2 Rfd8 27.Rd2 Rd6 28. Kf1 Rc6
29.b3 Kf8 30.Rd3 Ke7 31.Rh3 f5 32.exf5 Rd8 33.Bd3 Bc3 34.Re3
Kf6 35.Re4 Rd4 36.f3 Rxe4 37.fxe4 Ke7 38.Kf2 Kf6 39.Kf3 Ke7
40.g3 Kd6 41.Bc4 Ke7 42.Bd3 Rd6 43.Ke2 Kf6 44.Kf3 Ke7 45.Kg4
Kf6 46.Kh5 Kg7 47.Kg4 Kf6 1/2-1/2

[Event "European Club Cup"]
[Site "Antalya TUR"]
[Date "2007.10.04"]
[EventDate "2007.10.03"]
[Round "2"]
[Result "0-1"]
[White "Mika Karttunen"]
[Black "Marie Sebag"]
[WhiteElo "2447"]
[BlackElo "2491"]
[PlyCount "136"]

1. d4 d5 2. Nf3 Nf6 3. g3 c6 4. Bg2 Bf5 5. Nh4 Bg4 6. h3 Be6
7. Nc3 g6 8. O-O Bg7 9. Be3 Qc8 10. Kh2 O-O 11. Qd2 Rd8
12. Bh6 c5 13. Bxg7 Kxg7 14. e3 Nbd7 15. f4 Nb6 16. b3 Bd7
17. a4 a5 18. g4 e6 19. g5 Ne8 20. e4 dxe4 21. Nxe4 Bc6
22. Nxc5 Bxg2 23. Qxg2 Rxd4 24. Nd3 Qc3 25. Nf3 Rdd8 26. Qf2
Nd5 27. Nfe5 Nd6 28. Rae1 Rac8 29. Re2 Nf5 30. Nc4 Nb4
31. Nxb4 axb4 32. Qe1 Qd4 33. Re4 Qc5 34. Qf2 Nd4 35. Kg2 Qc6
36. Rfe1 b5 37. axb5 Nxb5 38. Kh2 Nc3 39. Re5 Qd7 40. h4 Qd4
41. Qf3 Ra8 42. Kg3 Ra2 43. Ne3 Qd2 44. Qf2 Qxf2+ 45. Kxf2
Rd2+ 46. Kf3 Nd5 47. Re4 h5 48. gxh6+ Kxh6 49. Nxd5 exd5
50. Rxb4 Raxc2 51. Ke3 Rh2 52. Kd4 Rcd2+ 53. Ke3 f5 54. Rd4
Rb2 55. Rxd5 Rxb3+ 56. Kd4 Rxh4 57. Ke5 Rb4 58. Kf6 Rhxf4
59. Re6 Rfe4 60. Rc6 Rb8 61. Kf7 Rb7+ 62. Kf6 Ree7 63. Rd1
Rf7+ 64. Ke5 Rbe7+ 65. Kf4 Re4+ 66. Kf3 Rg4 67. Rd3 Ra4
68. Rd5 Rb7 0-1

[Event "Aeroflot Open"]
[Site "Moscow RUS"]
[Date "2008.02.14"]
[EventDate "2008.02.14"]
[Round "1"]
[Result "1-0"]
[White "Marie Sebag"]
[Black "Ivan Popov"]
[WhiteElo "2510"]
[BlackElo "2595"]
[PlyCount "107"]

1. e4 c6 2. d4 d5 3. e5 Bf5 4. Be3 e6 5. Nd2 Nd7 6. Ngf3 Ne7
7. Be2 Bg4 8. h3 Bxf3 9. Nxf3 c5 10. c3 Nc6 11. O-O Be7
12. Bd3 a6 13. Qe2 Rc8 14. Rac1 O-O 15. Bb1 b5 16. Qd3 g6
17. Bh6 Re8 18. Qe3 cxd4 19. cxd4 f5 20. g3 Bf8 21. h4 Bxh6
22. Qxh6 Qe7 23. h5 Qg7 24. Qxg7+ Kxg7 25. hxg6 hxg6 26. Kg2
a5 27. Bd3 Na7 28. Ng5 Nf8 29. b3 Red8 30. Rfd1 b4 31. Ba6 Rc6
32. Rxc6 Nxc6 33. Nf3 Nb8 34. Bb5 Rc8 35. a3 Rc3 36. axb4 Rxb3
37. Ra1 Rxb4 38. Rxa5 Kh6 39. Be8 g5 40. Ra8 g4 41. Ne1 Nh7
42. f4 gxf3+ 43. Nxf3 Ng5 44. Nxg5 Kxg5 45. Ra7 Rb6 46. Rh7 f4
47. Rh5+ Kg4 48. Rh4+ Kg5 49. Rxf4 Rb7 50. Rf6 Re7 51. Bb5 Rb7
52. Be8 Re7 53. Rg6+ Kf5 54. Kf3 1-0

[Event "Aeroflot Open"]
[Site "Moscow RUS"]
[Date "2008.02.18"]
[EventDate "2008.02.14"]
[Round "5"]
[Result "1/2-1/2"]
[White "Marie Sebag"]
[Black "Igor Lysyj"]
[WhiteElo "2510"]
[BlackElo "2593"]
[PlyCount "92"]

1. e4 e6 2. d4 d5 3. e5 c5 4. c3 Nc6 5. Nf3 Bd7 6. Be2 Nge7
7. Na3 cxd4 8. cxd4 Nf5 9. Nc2 Qb6 10. O-O Rc8 11. b3 Nb4
12. Ne3 Be7 13. a3 Nc6 14. Nxf5 exf5 15. b4 h6 16. Bb2 O-O
17. Qd2 Rfe8 18. h4 Nd8 19. Rfc1 Ne6 20. Bd3 f4 21. h5 Bb5
22. Bf5 Bg5 23. Rxc8 Rxc8 24. Rc1 Rxc1+ 25. Qxc1 Bc4 26. Nxg5
hxg5 27. Qd1 Qd8 28. Qg4 Qe7 29. Bc2 Bb5 30. Qf5 Nf8 31. Qc8
Qd7 32. Bf5 Qxc8 33. Bxc8 b6 34. g3 fxg3 35. fxg3 Kh7 36. Kf2
Bc6 37. g4 b5 38. Kg3 Nd7 39. Bxd7 Bxd7 40. Bc1 Kh6 41. Be3 f6
42. exf6 gxf6 43. Bf2 f5 44. gxf5 Bxf5 45. Kf3 Kxh5 46. Bg3
Be4+ 1/2-1/2

[Event "Aeroflot Open"]
[Site "Moscow RUS"]
[Date "2008.02.19"]
[EventDate "2008.02.14"]
[Round "6"]
[Result "1-0"]
[White "Mircea-Emilian Parligras"]
[Black "Marie Sebag"]
[WhiteElo "2574"]
[BlackElo "2510"]
[PlyCount "137"]

1. e4 c5 2. Nf3 Nc6 3. Nc3 Nf6 4. Bb5 Qc7 5. O-O Nd4 6. Nxd4
cxd4 7. Nd5 Nxd5 8. exd5 Qc5 9. c4 a6 10. b4 Qxb4 11. Ba4 b5
12. cxb5 g6 13. Bb3 Bg7 14. a4 Qa5 15. Ba3 d6 16. Re1 Qd8
17. Bc4 O-O 18. Qb3 Rb8 19. Rab1 axb5 20. axb5 Bb7 21. b6 Bf6
22. d3 Kg7 23. Bc1 h5 24. Bd2 h4 25. h3 Rh8 26. Ra1 Rh5
27. Ra7 Bg5 28. Bxg5 Rxg5 29. Re4 Qc8 30. Rxh4 e5 31. Qb4 Qd8
32. g3 Rf5 33. Qb2 Qf6 34. Qd2 Rg5 35. Ra2 Bc8 36. Ba6 Rxb6
37. Bxc8 Qf3 38. Qe1 Qxd3 39. Ra1 Rb2 40. Bg4 Qc2 41. Kg2 e4
42. Rc1 Qd3 43. Rd1 Qe3 44. Kf1 Qxe1+ 45. Rxe1 Re5 46. Bd7 f5
47. Be6 d3 48. Ra1 Rb7 49. Rc1 Ra7 50. Rb1 Rc7 51. Ra1 Rb7
52. Ke1 e3 53. Rd4 Rb2 54. Rxd3 exf2+ 55. Kf1 Ree2 56. g4 fxg4
57. Bxg4 Rec2 58. Re3 Rd2 59. Re2 Kf6 60. Kxf2 Rxe2+ 61. Bxe2
Ke5 62. Rd1 g5 63. Kf3 Rb4 64. Kg3 Re4 65. Bf3 Re3 66. Ra1 Kf6
67. Ra7 Rb3 68. Ra8 Re3 69. Rf8+ 1-0

[Event "Aeroflot Open"]
[Site "Moscow RUS"]
[Date "2008.02.20"]
[EventDate "2008.02.14"]
[Round "7"]
[Result "1-0"]
[White "Marie Sebag"]
[Black "Pavel Smirnov"]
[WhiteElo "2510"]
[BlackElo "2599"]
[PlyCount "187"]

1. e4 c5 2. c3 Nf6 3. e5 Nd5 4. d4 cxd4 5. Nf3 Nc6 6. cxd4 d6
7. Bc4 Nb6 8. Bb5 Bd7 9. Nc3 dxe5 10. dxe5 g6 11. h3 Bg7
12. Qe2 a6 13. Bd3 Be6 14. O-O Nb4 15. Rd1 Nxd3 16. Rxd3 Qc7
17. Rd4 O-O 18. Bf4 Rfd8 19. Rad1 Rac8 20. Ng5 Rxd4 21. Rxd4
Qc6 22. Nxe6 Qxe6 23. Qe4 Qc6 24. Qxc6 bxc6 25. Na4 Nd5
26. Bg3 f5 27. f4 h6 28. Be1 g5 29. g3 h5 30. Bd2 h4 31. gxh4
gxf4 32. Bxf4 Nxf4 33. Rxf4 e6 34. Nc5 Bxe5 35. Ra4 Kf7 36. b3
Rd8 37. Nxa6 Rd2 38. Nb4 c5 39. Nc6 Bg3 40. h5 f4 41. Ne5+ Kf6
42. Nf3 Rf2 43. Rxf4+ Ke7 44. Rg4 Rxf3 45. Kg2 Rf5 46. Kxg3
Rxh5 47. h4 Rd5 48. Rf4 Rd1 49. Rf2 Rd3+ 50. Kg4 Rd4+ 51. Kg5
Rd5+ 52. Kg6 Rd4 53. Rf7+ Ke8 54. Rh7 c4 55. h5 cxb3 56. axb3
Rb4 57. h6 Rxb3 58. Rh8+ Ke7 59. h7 Rg3+ 60. Kh5 Kf7 61. Rf8+
Kxf8 62. h8=Q+ Kf7 63. Qb8 Rd3 64. Qc7+ Ke8 65. Kg6 Rd7
66. Qe5 Ke7 67. Qg5+ Kd6 68. Kf6 Kc6 69. Qc1+ Kb5 70. Kxe6 Rd3
71. Ke5 Kb4 72. Ke4 Rd8 73. Qc6 Rd1 74. Ke3 Kb3 75. Qc5 Rg1
76. Kf2 Rg4 77. Qe3+ Kb4 78. Qe7+ Kb3 79. Qe6+ Rc4 80. Ke3 Kc3
81. Qd5 Rc8 82. Qa5+ Kb2 83. Kd3 Kb1 84. Qa6 Rc2 85. Qb5+ Rb2
86. Qa4 Rb8 87. Qc2+ Ka1 88. Qc7 Rb3+ 89. Kc2 Rb2+ 90. Kc3 Kb1
91. Qh7+ Ka1 92. Qh1+ Ka2 93. Qd1 Rb8 94. Qd5+ 1-0

[Event "Aeroflot Open"]
[Site "Moscow RUS"]
[Date "2008.02.22"]
[EventDate "2008.02.14"]
[Round "9"]
[Result "0-1"]
[White "Marie Sebag"]
[Black "Denis Khismatullin"]
[WhiteElo "2510"]
[BlackElo "2564"]
[PlyCount "90"]

1. e4 c5 2. c3 Nf6 3. e5 Nd5 4. d4 cxd4 5. Nf3 Nc6 6. cxd4 d6
7. Bc4 Nb6 8. Bb5 Bd7 9. exd6 e6 10. Bg5 f6 11. Bd2 Bxd6
12. Nc3 Nb4 13. O-O Bxb5 14. Nxb5 N4d5 15. Re1 Kf7 16. Qb3 Qd7
17. a4 Rhc8 18. Rac1 Bf8 19. Rxc8 Nxc8 20. Nc3 Nce7 21. Ne4
Nc6 22. h4 Rd8 23. h5 h6 24. Rc1 Kg8 25. g3 Qf7 26. Kg2 Rd7
27. Rh1 e5 28. Qc2 f5 29. dxe5 fxe4 30. Qxe4 Nc7 31. Re1 Qxh5
32. e6 Re7 33. Bf4 Qd5 34. Bxc7 Qxe4 35. Rxe4 Rxc7 36. Nh4 Ne7
37. b4 g6 38. b5 Kg7 39. Nf3 Nd5 40. Ne5 Nf6 41. Rd4 Bc5
42. Rd3 Re7 43. Nd7 Bb4 44. Rb3 Bd6 45. b6 a6 0-1

[Event "European Individual Championship"]
[Site "Plovdiv BUL"]
[Date "2008.04.21"]
[EventDate "2008.04.21"]
[Round "1"]
[Result "0-1"]
[White "Toni Petrusic"]
[Black "Marie Sebag"]
[WhiteElo "1956"]
[BlackElo "2521"]
[PlyCount "46"]

1. e4 c5 2. Nf3 d6 3. d4 cxd4 4. Nxd4 Nf6 5. Nc3 a6 6. f3 e6
7. Be3 b5 8. Qd2 Nbd7 9. g4 Nb6 10. Qf2 Nfd7 11. O-O-O Bb7
12. Bd3 Rc8 13. Nce2 d5 14. Ng3 Nc4 15. Bxc4 bxc4 16. exd5
Bxd5 17. Ndf5 Qa5 18. Bd4 c3 19. Bxc3 Rxc3 20. bxc3 Bc5
21. Qe2 O-O 22. Qd3 Ne5 23. Qf1 exf5 0-1

[Event "European Individual Championship"]
[Site "Plovdiv BUL"]
[Date "2008.04.22"]
[EventDate "2008.04.21"]
[Round "2"]
[Result "1-0"]
[White "Marie Sebag"]
[Black "Denis Khismatullin"]
[WhiteElo "2521"]
[BlackElo "2584"]
[PlyCount "55"]

1. e4 c5 2. Nf3 Nc6 3. d4 cxd4 4. Nxd4 Qb6 5. Nb3 Nf6 6. Nc3
e6 7. Bd3 Be7 8. Be3 Qc7 9. f4 d6 10. Qf3 a6 11. O-O O-O
12. Rae1 b5 13. e5 dxe5 14. fxe5 Nxe5 15. Qxa8 Neg4 16. Rf2
Bb7 17. Qa7 Qxh2+ 18. Kf1 Nh5 19. Ke2 Ng3+ 20. Kd1 Nxf2+
21. Bxf2 Nh1 22. Bd4 e5 23. Qxb7 exd4 24. Ne4 Bh4 25. Rf1 Kh8
26. Qd5 Qxg2 27. Qh5 g5 28. Nf6 1-0

[Event "European Individual Championship"]
[Site "Plovdiv BUL"]
[Date "2008.04.26"]
[EventDate "2008.04.21"]
[Round "6"]
[Result "0-1"]
[White "Marie Sebag"]
[Black "Leonid Kritz"]
[WhiteElo "2521"]
[BlackElo "2609"]
[PlyCount "106"]

1. e4 e5 2. Nf3 Nc6 3. Bb5 Nf6 4. O-O Nxe4 5. d4 Nd6 6. Bxc6
dxc6 7. dxe5 Nf5 8. Qxd8+ Kxd8 9. Nc3 Ke8 10. h3 Be7 11. Bf4
Nh4 12. Nxh4 Bxh4 13. g4 Be6 14. Rfd1 Rd8 15. Kg2 Be7 16. f3
a5 17. a3 Rd7 18. Ne4 Bd5 19. Ng3 g6 20. Bh6 Kd8 21. b3 a4
22. b4 c5 23. bxc5 Bxc5 24. Rd3 Bc6 25. Bg5+ Kc8 26. Rxd7 Kxd7
27. Rd1+ Kc8 28. Rd3 Re8 29. Bf6 b6 30. Ne4 Bxe4 31. fxe4 Kb7
32. c4 Kc6 33. Kf3 Rb8 34. Kf4 b5 35. cxb5+ Rxb5 36. e6 fxe6
37. Ke5 Rb3 38. Rd8 Re3 39. Kxe6 Rxe4+ 40. Kf7 Re3 41. h4 Re4
42. h5 gxh5 43. g5 Be3 44. Rg8 h4 45. Rg7 h6 46. gxh6 Bxh6
47. Rg6 Bf4 48. Bxh4+ Bd6 49. Bg3 Re3 50. Bxd6 cxd6 51. Rg4
Rxa3 52. Ke6 Re3+ 53. Kf5 Re5+ 0-1

[Event "European Individual Championship"]
[Site "Plovdiv BUL"]
[Date "2008.04.27"]
[EventDate "2008.04.21"]
[Round "7"]
[Result "0-1"]
[White "Anatoly Bykhovsky"]
[Black "Marie Sebag"]
[WhiteElo "2394"]
[BlackElo "2521"]
[PlyCount "111"]

1. d4 d5 2. Nf3 Nf6 3. c4 c6 4. Nc3 e6 5. Bg5 h6 6. Bxf6 Qxf6
7. e3 Nd7 8. Qc2 g6 9. Be2 dxc4 10. Bxc4 Bg7 11. O-O O-O
12. Bb3 Qe7 13. Rad1 b6 14. e4 Bb7 15. d5 cxd5 16. exd5 Nc5
17. Rfe1 Qf6 18. Ne5 Kh7 19. dxe6 fxe6 20. Nd7 Qg5 21. Nxf8+
Rxf8 22. Ne4 Nxe4 23. Rxe4 Rf4 24. f3 Bxe4 25. fxe4 Qe5
26. Re1 Qd4+ 27. Kh1 Rf2 28. Qc4 Qd2 29. Rd1 Qg5 30. Rg1 Qf4
31. Qxe6 h5 32. Bc4 Be5 33. Qh3 Rc2 34. b3 Rc1 35. g3 Qxe4+
36. Qg2 Qxg2+ 37. Kxg2 Rc2+ 38. Kh1 Rxa2 39. Re1 Bf6 40. Re6
Kg7 41. Rc6 Bd8 42. Rd6 Be7 43. Re6 Bf6 44. Rc6 h4 45. gxh4
Bxh4 46. b4 Ra3 47. b5 Bf6 48. Re6 g5 49. Re2 Bd4 50. Ra2 Ra5
51. Rd2 Be3 52. Re2 Bf4 53. Kg2 Ra4 54. Rc2 Kf6 55. Be2 Kf5
56. Bf1 0-1

[Event "European Individual Championship"]
[Site "Plovdiv BUL"]
[Date "2008.04.29"]
[EventDate "2008.04.21"]
[Round "8"]
[Result "1/2-1/2"]
[White "Marie Sebag"]
[Black "Ivan Ivanisevic"]
[WhiteElo "2521"]
[BlackElo "2649"]
[PlyCount "56"]

1. e4 e5 2. Nf3 Nc6 3. Bb5 a6 4. Ba4 Nf6 5. O-O Be7 6. Re1 b5
7. Bb3 O-O 8. c3 d5 9. exd5 Nxd5 10. Nxe5 Nxe5 11. Rxe5 c6
12. d4 Bd6 13. Re1 Qh4 14. g3 Qh3 15. Re4 g5 16. Qe2 f5
17. Bxd5+ cxd5 18. Re6 f4 19. Rxd6 Bg4 20. Qf1 Rae8 21. Qxh3
Bxh3 22. Bd2 fxg3 23. hxg3 Re2 24. Be3 Re1+ 25. Kh2 g4
26. Rxd5 Rxe3 27. Rg5+ Kh8 28. fxe3 Rf2+ 1/2-1/2

[Event "European Individual Championship"]
[Site "Plovdiv BUL"]
[Date "2008.04.30"]
[EventDate "2008.04.21"]
[Round "9"]
[Result "0-1"]
[White "Vladimir Georgiev"]
[Black "Marie Sebag"]
[WhiteElo "2572"]
[BlackElo "2521"]
[PlyCount "156"]

1. d4 d5 2. Nf3 Nf6 3. Bf4 c5 4. e3 Nc6 5. c3 Qb6 6. Qc1 Bf5
7. Nbd2 Rc8 8. Be2 e6 9. O-O Be7 10. dxc5 Bxc5 11. Nb3 O-O
12. Nfd4 Nxd4 13. exd4 Be7 14. Bg5 Qc7 15. Bf4 Qb6 16. Re1 Ne4
17. Bf3 Bf6 18. Bxe4 dxe4 19. Bg5 e5 20. Bxf6 Qxf6 21. dxe5
Qxe5 22. Qe3 b6 23. Rad1 Rfe8 24. Rd4 Qe6 25. Red1 h6 26. h3
Qe7 27. Rd6 Rcd8 28. Rxd8 Rxd8 29. Rxd8+ Qxd8 30. Nd4 Bg6
31. Qf4 Qd7 32. g4 h5 33. Kh2 hxg4 34. hxg4 Kh7 35. a3 Qa4
36. Qd2 Qc4 37. Kg2 Qd5 38. Qe3 Qa2 39. Qc1 Qd5 40. Kg3 Qd6+
41. Kg2 Qd5 42. Qf4 e3+ 43. f3 Qa2 44. Qh2+ Kg8 45. Qb8+ Kh7
46. Qh2+ Kg8 47. Kh3 Bd3 48. Qe5 Qxb2 49. Qxe3 Qxc3 50. Kh4
Qc4 51. f4 Kf8 52. Qe5 Kg8 53. f5 Qc5 54. Qe8+ Kh7 55. Qe3 Bc4
56. g5 Qd5 57. Kg3 Qd6+ 58. Kg4 g6 59. Qh3+ Kg8 60. Qc3 Qc5
61. Kf4 Qc7+ 62. Ke4 Bd5+ 63. Kd3 Be4+ 64. Kd2 Qxc3+ 65. Kxc3
gxf5 66. Nb5 a6 67. Nc7 f4 68. Kd4 f3 69. Ke3 Bb7 70. Ne8 b5
71. Nd6 Bd5 72. Nf5 Kh7 73. Kf2 a5 74. Ne3 Bb7 75. Ng4 b4
76. axb4 axb4 77. Ne5 b3 78. Nd3 Kg6 0-1

[Event "European Individual Championship"]
[Site "Plovdiv BUL"]
[Date "2008.05.02"]
[EventDate "2008.04.21"]
[Round "11"]
[Result "1-0"]
[White "Alexander Galkin"]
[Black "Marie Sebag"]
[WhiteElo "2606"]
[BlackElo "2521"]
[PlyCount "59"]

1. e4 c5 2. Nf3 Nc6 3. c3 Nf6 4. e5 Nd5 5. Bc4 Nb6 6. Bb3 c4
7. Bc2 Qc7 8. Qe2 g5 9. h3 Bg7 10. O-O Nxe5 11. Nxg5 d5 12. a4
Bd7 13. Re1 e6 14. a5 Nc8 15. Nf3 Ng6 16. d3 Nf4 17. Bxf4 Qxf4
18. dxc4 Qxc4 19. Qxc4 dxc4 20. Nfd2 Nd6 21. Na3 Rc8 22. Ne4
Nxe4 23. Rxe4 Rc5 24. Rxc4 Rxa5 25. Be4 Ke7 26. Rc7 f5 27. Rd1
Rd8 28. Nc4 Be5 29. Rxb7 Rb5 30. Nxe5 1-0